Politics of giant oil firms: consequences for human rights in Africa (Record no. 55067)

000 -LEADER
fixed length control field 01040pab a2200181 454500
008 - FIXED-LENGTH DATA ELEMENTS--GENERAL INFORMATION
fixed length control field 180718b2003 xxu||||| |||| 00| 0 eng d
100 ## - MAIN ENTRY--PERSONAL NAME
Personal name Harshe, Rajen
245 ## - TITLE STATEMENT
Title Politics of giant oil firms: consequences for human rights in Africa
260 ## - PUBLICATION, DISTRIBUTION, ETC.
Date of publication, distribution, etc. 2003
300 ## - PHYSICAL DESCRIPTION
Extent p.113-17.
362 ## - DATES OF PUBLICATION AND/OR SEQUENTIAL DESIGNATION
Dates of publication and/or sequential designation 11 Jan
520 ## - SUMMARY, ETC.
Summary, etc. The interactions between transnational oil firms, US-led western states and oil rich states in Nigeria, Chad and Angola have certainly facilitated the exploration and extraction of oil as well as the growth of oil revenues. But these revenues have either been deployed to strengthen security - related apparatuses in the context of civil wars or they have been siphoned off by corrupt ruling cliques. A combination of civil wars and bad governance has had extremely negative consequences for human rights in all these countries. - Reproduced.
650 ## - SUBJECT ADDED ENTRY--TOPICAL TERM
Topical term or geographic name entry element Human rights - Africa
650 ## - SUBJECT ADDED ENTRY--TOPICAL TERM
Topical term or geographic name entry element Petroleum resources - Africa
650 ## - SUBJECT ADDED ENTRY--TOPICAL TERM
Topical term or geographic name entry element Petroleum resources
773 ## - HOST ITEM ENTRY
Main entry heading Economic and Political Weekly
909 ## -
-- 55067
Holdings
Withdrawn status Lost status Damaged status Not for loan Permanent Location Current Location Date acquired Serial Enumeration / chronology Barcode Date last seen Price effective from Koha item type
        Indian Institute of Public Administration Indian Institute of Public Administration 2018-07-19 Volume no: 38, Issue no: 2 AR55512 2018-07-19 2018-07-19 Articles

Powered by Koha